| 000 | 00649nam a2200217Ia 4500 | ||
|---|---|---|---|
| 005 | 20260429112130.0 | ||
| 008 | 260429s9999||||xx |||||||||||||| ||und|| | ||
| 020 | _a9781032940366 | ||
| 041 | _aEnglish | ||
| 082 |
_a001.4 _bJON |
||
| 100 | _aJones, Susan R. | ||
| 245 | 0 |
_aNegotiating the complexities of qualitative research in higher education : _bessential elements and issues / _cSusan R. Jones |
|
| 250 | _a3rd ed. | ||
| 260 |
_aNew York : _bRoutledge, _c2025. |
||
| 300 | _axviii, 324 p.; pbk | ||
| 650 | _a Higher education | ||
| 650 | _aQualitative research | ||
| 700 | _a Arminio, Jan | ||
| 700 | _a Torres, Vasti | ||
| 942 | _cTB | ||
| 999 |
_c52510 _d52510 |
||